000 00876 a2200241 4500
005 20080827104254.0
008 080827t xxu||||| |||| 00| 0 eng d
010 _aENG-87270
020 _a9780070659674
020 _a0070659672
_c595.00
035 _aEN-70803
037 _bDBAD / PUB
082 _a005.43
100 _aJang, Michael
245 _aRHCE red hat certified engineer Linux study guide (Exam RH302)
_cMichael Jang
250 _a5th ed.
260 _aNew Delhi
_bTata McGraw-Hill Publishing
_c2007
270 _a7, West Patel Nagar
_bNew Delhi
_e110 008
300 _axlvii, 857 p.
_c24 cm (Pbk.)
500 _aIncludes indexes
942 _adpl
_cEN
_k005.43/JAN
_2ddc
_h005.43
_mJAN
999 _c6309
_d6309